City lights : Essays on financial institutions and markets in the City of London
Guardat en:
| Format: | Llibre |
|---|---|
| Idioma: | Undetermined |
| Publicat: |
London
Institute of Economic Affairs
1979
|
| Matèries: | |
| Etiquetes: |
Afegir etiqueta
Sense etiquetes, Sigues el primer a etiquetar aquest registre!
|
| Thư viện lưu trữ: | Trung tâm Học liệu Trường Đại học Cần Thơ |
|---|
| LEADER | 00563nam a2200193Ia 4500 | ||
|---|---|---|---|
| 001 | CTU_83184 | ||
| 008 | 210402s9999 xx 000 0 und d | ||
| 082 | |a 332.1 | ||
| 082 | |b C581 | ||
| 245 | 0 | |a City lights : | |
| 245 | 0 | |b Essays on financial institutions and markets in the City of London | |
| 245 | 0 | |c E. Victor Morgan ... [ et al. ] | |
| 260 | |a London | ||
| 260 | |b Institute of Economic Affairs | ||
| 260 | |c 1979 | ||
| 650 | |a Finance | ||
| 650 | |x Great Britain | ||
| 904 | |i QHieu(sửa) | ||
| 980 | |a Trung tâm Học liệu Trường Đại học Cần Thơ | ||